• 首页
  • 本馆介绍
  • 公告通知
  • 最新文献
  • 馆藏检索
  • 电子资源
  • 读者导购
  • 参考咨询
  • 我的图书馆
  • 登录
  • 详细信息显示
  • 放入我的书架
  • 预约/预借图书
  • 作者相关作品
  • 分类相关作品
  • 丛书相关作品
  • 出版社相关作品

书目信息

  • 表格格式
  • 工作单格式
  • 卡片格式
题名:
哲学原理自学读本
    
 
作者: 孟宪鹏 主编
分册:  
出版信息: 北京   解放军出版社  1984
页数: 540页
开本: 19cm
丛书名:
单 册:
中图分类: B0
科图分类:
主题词: 哲学理论
电子资源:
ISBN:
000 00610nam0 2200229 45
001 0184010462
005 20060816173817.42
010    @dCNY1.75
091    @a2185.2
100    @a19950619d1984 em y0chiy0121 ea
101 0  @achi
102    @aCN@b610000
105    @ay m 000yy
200 10 @a哲学原理自学读本@AZhe Xue Yuan Li Zi Xue Du Ben@f孟宪鹏主编@FMeng XianPeng Zhu Bian
210    @a北京@c解放军出版社@d1984
215    @a540页@d19cm
606 0  @a哲学理论
690    @aB0@v3
701  0 @a孟宪鹏@4主编
801  2 @aCN@bNLC@c20060816
801  0 @aCN@b上海图书馆@c20040508
905    @dB0@e53@f1@b118818
    
    哲学原理自学读本/孟宪鹏主编.-北京:解放军出版社,1984
    540页;19cm
    
    
    ISBN :CNY1.75
    
●
相关链接 在E读中查询图书 在五车中查询图书 在当当中查询图书 在豆瓣中查询图书


正题名:哲学原理自学读本     索取号:B0/53         预约/预借

序号 登录号 条形码 馆藏地/架位号 状态 备注
1 0118814   001502733   密集书库/ [索取号:B0/53] 在馆    
2 0118815   001131359   密集书库/ [索取号:B0/53] 在馆    
3 0118816   001122635   密集书库/ [索取号:B0/53] 在馆    
4 0118817   001122626   密集书库/ [索取号:B0/53] 在馆    
5 0118818   001131368   第一样本阅览室/ [索取号:B0/53] 在馆    
6 0465133   204651331   密集书库/ [索取号:B0/53] 在馆    
唐山师范学院图书馆 欢迎您!
大连网信软件有限公司© 版权所有